All countries worst enemies - Statistics

General Stats
  • This quiz has been taken 78 times
  • The average score is 139 of 191
Answer Stats
Country Favorite enemy % Correct
United States of America Iran
95%
Syria Iran
90%
Israel Iran
90%
Canada Russia
90%
Iraq Israel
89%
Lebanon Israel
89%
Cuba USA
89%
Afghanistan USA
89%
Japan China
87%
Taiwan China
87%
Oman Iran
85%
United Arab Emirates Iran
85%
Qatar Iran
85%
Bahrain Iran
85%
Kuwait Iran
85%
Nepal China
84%
Australia China
84%
Ukraine Russia
84%
Argentina United Kingdom
84%
Nicaragua USA
84%
Turkmenistan USA
84%
Uzbekistan USA
84%
Kazakhstan USA
84%
Kyrgyzstan USA
84%
Tajikistan USA
84%
Mongolia USA
84%
Vietnam China
82%
Haiti Dominican Republic
82%
Dominican Republic Haiti
82%
Pakistan India
82%
Estonia Russia
82%
Moldova Russia
82%
Georgia Russia
82%
Bhutan USA
82%
Malaysia China
80%
Philippines China
80%
United Kingdom Iran
80%
South Korea North Korea
80%
India Pakistan
80%
Germany Russia
80%
Denmark Russia
80%
Czech Republic Russia
80%
Norway Russia
80%
Latvia Russia
80%
Iceland Russia
80%
Greece Turkey
80%
Russia Ukraine
80%
Algeria France
79%
Türkiye Greece
79%
Singapore Russia
79%
Austria Russia
79%
Finland Russia
79%
North Korea South Korea
79%
Cyprus Turkey
79%
Zimbabwe United Kingdom
79%
Venezuela Brazil
77%
Tunisia Israel
77%
Maldives Israel
77%
Portugal Russia
77%
Liechtenstein Russia
77%
Luxembourg Russia
77%
Belgium Russia
77%
Netherlands Russia
77%
Somaliland Somalia
77%
Central African Republic USA
77%
Mozambique USA
77%
Morocco Algeria
75%
Fiji China
75%
Nauru China
75%
Tuvalu China
75%
Kiribati China
75%
Marshall Islands China
75%
Palau China
75%
Sweden China
75%
Mali France
75%
Niger France
75%
Chad France
75%
Monaco Iran
75%
San Marino Iran
75%
Mauritania Israel
75%
Libya Italy
75%
Malta Libya
75%
Sri Lanka Pakistan
75%
Antigua and Barbuda Russia
75%
Dominica Russia
75%
Namibia Russia
75%
Samoa Russia
75%
Vanuatu Russia
75%
Micronesia Russia
75%
Andorra Russia
75%
Niue Russia
75%
Albania Serbia
75%
Bolivia Chile
74%
Saint Kitts and Nevis China
74%
Saint Lucia China
74%
Saint Vincent and the Grenadines China
74%
Botswana China
74%
Eswatini China
74%
Senegal France
74%
Gabon France
74%
Madagascar France
74%
El Salvador Honduras
74%
Djibouti Israel
74%
Comoros Israel
74%
Croatia Serbia
74%
Egypt Ethiopia
72%
Eritrea Ethiopia
72%
Guinea France
72%
Gambia France
72%
São Tomé and Príncipe France
72%
Lesotho France
72%
Seychelles France
72%
Mauritius France
72%
Yemen Saudi Arabia
72%
Slovenia Serbia
72%
Kenya Somalia
72%
Sudan South Sudan
72%
South Sudan Sudan
72%
Colombia Venezuela
72%
Brazil Venezuela
72%
Uganda Democratic republic of the Congo
70%
Burundi Democratic republic of the Congo
70%
Rwanda Democratic republic of the Congo
70%
Tanzania Democratic republic of the Congo
70%
Honduras Guatemala
70%
Equatorial Guinea Spain
70%
Ecuador Venezuela
70%
Peru Venezuela
70%
Paraguay Venezuela
70%
Uruguay Venezuela
70%
France Algeria
69%
Italy Libya
69%
Costa Rica Nicaragua
69%
Mexico North Korea
69%
Brunei North Korea
69%
New Zealand North Korea
69%
Ireland North Korea
69%
Belarus Poland
69%
Cape Verde Portugal
69%
Suriname Venezuela
69%
Guyana Venezuela
69%
Cameroon Nigeria
67%
Benin Nigeria
67%
Grenada North Korea
67%
Trinidad and Tobago North Korea
67%
Serbia Albania
66%
Azerbaijan Armenia
66%
Myanmar Bangladesh
66%
Poland Belarus
66%
Chile Bolivia
66%
Jamaica Cuba
66%
Bangladesh Myanmar
66%
Armenia Azerbaijan
64%
Lithuania Belarus
64%
Thailand Cambodia
64%
Bosnia and Herzegovina Croatia
64%
Panama Cuba
64%
Bahamas Cuba
64%
Ethiopia Egypt
64%
East Timor Indonesia
64%
Papua New Guinea Indonesia
64%
Spain Morocco
64%
Vatican City Saudi Arabia
64%
Angola South Africa
64%
China Taiwan
64%
Romania Hungary
62%
Republic of the Congo South Africa
62%
Nigeria Ghana
61%
Togo Ghana
61%
Slovakia Hungary
61%
Guinea Bissau Senegal
61%
Liberia Sierra Leone
61%
Laos Thailand
61%
Cambodia Thailand
61%
Ivory Coast Burkina Faso
59%
Hungary Romania
59%
Solomon Islands Indonesia
57%
Burkina Faso Ivory Coast
57%
North Macedonia Bulgaria
56%
Sierra Leone Liberia
56%
Ghana Togo
56%
Zambia Angola
54%
South Africa Angola
54%
Guatemala Belize
54%
Malawi Mozambique
54%
Barbados Afghanistan
51%
Switzerland Afghanistan
51%
Indonesia Papua New Guinea
48%
Bulgaria North Macedonia
46%
Democratic republic of the Congo Belgium
44%
Somalia Somaliland
41%
No matching quizzes found
Score Distribution
Percent of People with Each Score
Percentile by Number Answered
Your Score History
You have not taken this quiz